000 00511ntaaa2200181 4500
003 01
005 20251027203130.0
008 0714s1973 ag 01
040 _aAR-BaBN
_bspa
_cAR-BaBN
_eaacr
_dRIC
082 _a783.9000 So7
100 _aSosa, Pablo D., ed.
_932803
245 _aCántico Nuevo. Himnario Evangélico. /
_cPablo D., ed. Sosa
250 _a1 ed. :
_bMethopress,
_cc/962
300 _a558 p.
500 _aBAJA PATRIMONIAL 20180305 INVENTARIOS 14813, 14814
650 _aHimnario
942 _cBK
999 _c26728
_d26728